01816nam a2200277 i 4500999001700000006001900017007001500036008004100051020004300092040002100135082001600156100002200172245005800194260004500252300006500297500007300362520070200435650006201137650006101199650005601260650006801316650006101384776003501445856004501480942001301525 c27173d27173m|||||o||d||||||||cr||||||||||||140530s2015||||enk o ||1 0|eng|d a9781316106716 (ebook)qOnline Resource aUkCbUPbengerda00a623.8252231 aMantle, Peter J.,10aHigh-speed marine craft :bone hundred knots at sea / aLondonbCambridge University Pressc2015 a1 online resource (xxii, 604 pages) :bdigital, PDF file(s). aTitle from publisher's bibliographic system (viewed on 05 Oct 2015). aThis book details the efforts to build a large naval vessel capable of traveling at one hundred knots. It is the first book to summarize this extensive work from historical and technical perspectives. It explores the unique principles and challenges in the design of high-speed marine craft. This volume explores different hull form concepts, requiring an understanding of the four forces affecting the lift and the drag of the craft. The four forces covered are hydrostatic (buoyancy), hydro-dynamic, aerostatic, and aerodynamic. This text will appeal to naval researchers, architects, graduate students and historians, as well as others generally interested in naval architecture and propulsion. 0aWarshipsxDesign and constructionxHistoryy21st century. 0aWarshipsxDesign and constructionxHistoryy20thcentury. 0aWarshipsxTechnological innovationszUnited States. 0aGround-effect machineszUnited StatesxDesign and construction. 0aHydrofoil boatszUnited StatesxDesign and construction.08iPrint version: z978110709041540uhttps://doi.org/10.1017/CBO9781316106716 2ddccEBK